el despido discriminatorio por opinión gremial y la tutela de los derechos fundamentales (Registro nro. 18456)

Detalles MARC
000 -LEADER
fixed length control field 00360 a2200109 4500
001 - CONTROL NUMBER
control field ART_37922
005 - DATE AND TIME OF LATEST TRANSACTION
control field 20260410161738.0
008 - FIXED-LENGTH DATA ELEMENTS--GENERAL INFORMATION
fixed length control field 260409a
100 1# - MAIN ENTRY--PERSONAL NAME
Personal name Duarte, David
245 10 - TITLE STATEMENT
Title el despido discriminatorio por opinión gremial y la tutela de los derechos fundamentales
773 0# - HOST ITEM ENTRY
Title Doctrina laboral
Related parts - Nº 368 (abr. 2016)
Record control number REV4049

No hay ítems disponibles.